00313nam a2200109Ia 4500008004100000041000800041100002300049245005400072260003900126300000800165700003000173250110s9999 xx 000 0 und d aeng aBhanganni Rupinder aParaplegic Rehabilitation Cantre For Armed Forces bFinal Year B Arch BNCA, Punec2015 a72p aGuide Name:Andhare Sayali